书目信息 |
| 题名: |
全日制中学语文教学大纲
|
|
| 作者: | ;国家教育委员会 制订 | |
| 分册: | ||
| 出版信息: | 北京 人民教育出版社 1995 |
|
| 页数: | 15页 | |
| 开本: | 19cm | |
| 丛书名: | ||
| 单 册: | ||
| 中图分类: | G633.3 | |
| 科图分类: | 38.7341 | |
| 主题词: | 语文-教学大纲--中学 , 教学大纲-语文--中学 | |
| 电子资源: | ||
| ISBN: | 7-107-12349-1 | |
| 000 | 00822nam0 2200253 45 | |
| 001 | 0192012056 | |
| 005 | 20070618142828.21 | |
| 010 | @a7-107-12349-1@dCNY0.70 | |
| 100 | @a19920511d1995 em y0chiy0121 ea | |
| 101 | 0 | @achi |
| 102 | @aCN@b110000 | |
| 105 | @ay z 000yy | |
| 200 | 10 | @a全日制中学语文教学大纲@AQUAN RI ZHI ZHONG XUE YU WEN JIAO XUE DA GANG@f中华人民共和国国家教育委员会制订@FZHONG HUA REN MIN GONG HE GUO GUO JIA JIAO YU WEI YUAN HUI ZHI DING |
| 205 | @a3版 | |
| 210 | @a北京@c人民教育出版社@d1995@h1999 | |
| 215 | @a15页@d19cm | |
| 300 | @a高中部分 | |
| 606 | @a语文-教学大纲@x中学 | |
| 606 | @a教学大纲-语文@x中学 | |
| 690 | @aG633.3@v三版 | |
| 692 | @a38.7341 | |
| 711 | 02 | @a国家教育委员会@AGUO JIA JIAO YU WEI YUAN HUI@4制订 |
| 801 | 0 | @aCN@bTSSF@c20070618 |
| 905 | @a10447@dG633.3@e499=3 | |
| 全日制中学语文教学大纲/中华人民共和国国家教育委员会制订.-3版.-北京:人民教育出版社,1995(1999) |
| 15页;19cm |
| 高中部分 |
| ISBN 7-107-12349-1:CNY0.70 |
| ● |
| 相关链接 |
|
|
|
|
正题名:全日制中学语文教学大纲
索取号:G633.3/499=3
 
预约/预借
| 序号 | 登录号 | 条形码 | 馆藏地/架位号 | 状态 | 备注 |
| 1 | 0654918 | 206549181 | 库房3/ [索取号:G633.3/499=3] | 在馆 | |
| 2 | 0655433 | 206554334 | 第一样本阅览室/ [索取号:G633.3/499=3] | 在馆 |